| 000 | 00553nam a22001577a 4500 | ||
|---|---|---|---|
| 020 | _qHard Cover. | ||
| 082 | _a570.2 QUR | ||
| 100 | _aHira Qureshi. | ||
| 245 |
_aModeling Significant Characteristics of Complete Blood Count Reports for Screening of Leukemia using Machine Learning Methods / _cQureshi, Hira |
||
| 260 |
_aIslamabad: _bRCMS-NUST, _c2021. |
||
| 300 |
_a80 p. : _bill. ; _c30cm. |
||
| 650 |
_aMS-Bioinformatics _984380 |
||
| 700 |
_aDr. Zameer Hussain _984381 |
||
| 942 |
_2ddc _cTHE |
||
| 999 |
_c586829 _d586829 |
||